000 00430nam a2200181Ia 4500
008 240510s9999 xx 000 0 und d
020 _a0009559008757
041 _asih
082 _a152.41
082 _bA73
100 _aATHUKORALA, Daya Rohana
245 0 _aPreethimath Premaneeya Jeewithayakata
260 _bColombo:Shiksha Mandira Prakashana
260 _c2003
300 _a132 p.
942 _2ddc
942 _cLBK
999 _c28862
_d28862
945 _a1
_bMadushi Gamage
_c1
_dMadushi Gamage